[Event "Bundesliga 9900"]
[Site "Germany"]
[Date "2000.01.29"]
[Round "8.7"]
[White "Watson, William N"]
[Black "Heissler, Jakob"]
[Result "1-0"]
[WhiteElo "2535"]
[BlackElo "2447"]
[PlyCount "131"]
[EventDate "1999.10.09"]
[EventType "team-tourn"]
[EventRounds "15"]
[EventCountry "GER"]
[SourceTitle "CBM 074 Extra"]
[Source "ChessBase"]
[SourceDate "2000.03.10"]
[SourceVersion "2"]
[SourceVersionDate "2000.03.10"]
[SourceQuality "1"]
[WhiteTeam "Castrop Rauxel"]
[BlackTeam "Werder Bremen"]
[WhiteTeamCountry "GER"]
[BlackTeamCountry "GER"]

1. e4 c5 2. d3 Nc6 3. g3 g6 4. Bg2 Bg7 5. f4 e6 6. Nf3 Nge7 7. 0-0 0-0 8. c3 d6 9. Na3 Rb8 10. d4 b5 11. dxc5 dxc5 12. Qe2 b4 13. cxb4 cxb4 14. Nc2 Qa5 15. Qf2 Ba6 16. Re1 Rfd8 17. e5 Bd3 18. Ne3 Qb6 19. b3 Nd4 20. Nxd4 Qxd4 21. Bb2 Qb6 22. Rac1 Rbc8 23. Rxc8 Rxc8 24. Rd1 Qa6 25. Bf3 h5 26. Qd2 Qxa2 27. Qxd3 Qxb2 28. Nc4 Qc3 29. Nd6 Qxd3 30. Rxd3 Rc3 31. Be4 Nf5 32. Rxc3 bxc3 33. Nb5 Ne3 34. Nxc3 Bf8 35. Kf2 Bc5 36. Ke2 Kg7 37. Na4 Bd4 38. Kd3 Nf5 39. Bxf5 Bg1 40. Be4 Bxh2 41. Ke3 Bxg3 42. Nc3 Be1 43. Nb5 Ba5 44. Nd6 Bb6+ 45. Kd3 Bc5 46. Bc6 Kf8 47. Nc4 Ke7 48. Kc3 Bf2 49. Kb4 Bg3 50. Kb5 Bxf4 51. Ka6 Bg3 52. Kxa7 Bf2+ 53. Ka6 g5 54. b4 g4 55. b5 h4 56. Bg2 h3 57. Bf1 f5 58. b6 Bxb6 59. Kxb6 f4 60. Nd2 Kf7 61. Kc6 Kg6 62. Kd7 Kf5 63. Kd6 Kg5 64. Kxe6 Kh4 65. Kf5 f3 66. Bxh3 1-0

[Event "Bundesliga 9900"]
[Site "Germany"]
[Date "2000.01.08"]
[Round "7.6"]
[White "Lauber, Arnd"]
[Black "Heissler, Jakob"]
[Result "1-0"]
[WhiteElo "2416"]
[BlackElo "2447"]
[PlyCount "105"]
[EventDate "1999.10.09"]
[EventType "team-tourn"]
[EventRounds "15"]
[EventCountry "GER"]
[SourceTitle "CBM 074 Extra"]
[Source "ChessBase"]
[SourceDate "2000.03.10"]
[SourceVersion "2"]
[SourceVersionDate "2000.03.10"]
[SourceQuality "1"]
[WhiteTeam "Delmenhorst"]
[BlackTeam "Werder Bremen"]
[WhiteTeamCountry "GER"]
[BlackTeamCountry "GER"]

1. d4 Nf6 2. c4 g6 3. Nc3 Bg7 4. e4 d6 5. Nf3 0-0 6. Be2 e5 7. 0-0 Nc6 8. d5 Ne7 9. b4 a5 10. Ba3 Nd7 11. bxa5 Rxa5 12. Bb4 Ra8 13. a4 Bh6 14. Nd2 f5 15. Bf3 Kh8 16. a5 Ng8 17. Nb3 Ngf6 18. c5 fxe4 19. Bxe4 Nxe4 20. Nxe4 Nf6 21. Nxf6 Qxf6 22. cxd6 cxd6 23. Nd2 Qf4 24. Qb3 Bg4 25. Rae1 Rfd8 26. Ne4 Bf8 27. Bd2 Qf7 28. f4 Bf5 29. fxe5 dxe5 30. g4 Rxd5 31. gxf5 gxf5 32. Rxf5 Qd7 33. Qf3 Bg7 34. Be3 Rg8 35. Kh1 Rxa5 36. Ng5 h6 37. Nf7+ Kh7 38. Nxh6 Rf8 39. Rxf8 Bxf8 40. Qe4+ Kh8 41. Rf1 Bg7 42. Nf7+ Kg8 43. Ng5 Qd5 44. Qxd5+ Rxd5 45. Ne6 Rd6 46. Nxg7 Kxg7 47. Rb1 Rd3 48. Rxb7+ Kg6 49. Bf2 e4 50. Kg2 Kf5 51. Bg3 Rd2+ 52. Kf1 e3 53. Re7 1-0

[Event "Bundesliga 9899"]
[Site "Germany"]
[Date "1999.03.21"]
[Round "13.6"]
[White "Heissler, Jakob"]
[Black "Borriss, Martin"]
[Result "1-0"]
[WhiteElo "2450"]
[BlackElo "2408"]
[PlyCount "91"]
[EventDate "1998.10.17"]
[EventType "team-tourn"]
[EventRounds "15"]
[EventCountry "GER"]
[SourceTitle "GER-chT"]
[Source "ChessBase"]
[SourceDate "1999.07.01"]
[SourceVersion "1"]
[SourceVersionDate "1999.07.01"]
[SourceQuality "1"]
[WhiteTeam "Werder Bremen"]
[BlackTeam "Dresden"]
[WhiteTeamCountry "GER"]
[BlackTeamCountry "GER"]

1. c4 g6 2. Nc3 Bg7 3. d4 Nf6 4. e4 d6 5. Be2 0-0 6. Nf3 e5 7. 0-0 Nc6 8. d5 Ne7 9. Ne1 Nd7 10. Nd3 f5 11. Bd2 Kh8 12. Rc1 c5 13. f3 Ng8 14. a3 a5 15. b3 Ndf6 16. Nf2 h5 17. Rb1 f4 18. b4 axb4 19. axb4 b6 20. Ra1 Rxa1 21. Qxa1 g5 22. bxc5 bxc5 23. Nb5 Qe7 24. Qa7 Bd7 25. Qb6 Ne8 26. Ra1 Rf7 27. Ra7 Bf8 28. Ba5 Rg7 29. Qd8 Qf7 30. Bc3 Ngf6 31. Nd3 g4 32. Bxe5 gxf3 33. Bxf3 dxe5 34. Nxe5 Qg8 35. Nxd7 Be7 36. Nxf6 Bxd8 37. Nxg8 Rxa7 38. Nxa7 Kxg8 39. e5 Ba5 40. Nb5 Ng7 41. Be4 Kf7 42. Kf2 Ne8 43. Kf3 Bd2 44. Bd3 Ng7 45. Ke4 h4 46. Be2 1-0

[Event "Bundesliga 9899"]
[Site "Germany"]
[Date "1999.01.09"]
[Round "7.6"]
[White "Heissler, Jakob"]
[Black "Borik, Otto"]
[Result "1-0"]
[WhiteElo "2450"]
[BlackElo "2415"]
[PlyCount "65"]
[EventDate "1998.10.17"]
[EventType "team-tourn"]
[EventRounds "15"]
[EventCountry "GER"]
[SourceTitle "GER-chT"]
[Source "ChessBase"]
[SourceDate "1999.07.01"]
[SourceVersion "1"]
[SourceVersionDate "1999.07.01"]
[SourceQuality "1"]
[WhiteTeam "Werder Bremen"]
[BlackTeam "Delmenhorst"]
[WhiteTeamCountry "GER"]
[BlackTeamCountry "GER"]

1. e4 e6 2. d3 d5 3. Nd2 g6 4. Ngf3 Bg7 5. g3 Ne7 6. Bg2 0-0 7. 0-0 c5 8. Re1 Nbc6 9. e5 Qc7 10. Qe2 Nf5 11. c3 b5 12. Nf1 b4 13. Bf4 bxc3 14. bxc3 Ba6 15. h4 Qa5 16. Rac1 Rab8 17. N1h2 h5 18. Bh3 Rb7 19. Ng5 Qa3 20. Bxf5 exf5 21. e6 f6 22. Nf7 Kh7 23. Nf3 Re7 24. Qd2 Rfe8 25. Bd6 Rb7 26. d4 Rb2 27. Rc2 Rxc2 28. Qxc2 Nb4 29. cxb4 Qxf3 30. bxc5 Bh6 31. Nxh6 Kxh6 32. Bf4+ Kg7 33. Qa4 1-0

[Event "Bundesliga 9899"]
[Site "Germany"]
[Date "1998.10.18"]
[Round "2.5"]
[White "Naumann, Alexander"]
[Black "Heissler, Jakob"]
[Result "0-1"]
[WhiteElo "2375"]
[BlackElo "2435"]
[PlyCount "98"]
[EventDate "1998.10.17"]
[EventType "team-tourn"]
[EventRounds "15"]
[EventCountry "GER"]
[SourceTitle "GER-chT"]
[Source "ChessBase"]
[SourceDate "1999.07.01"]
[SourceVersion "1"]
[SourceVersionDate "1999.07.01"]
[SourceQuality "1"]
[WhiteTeam "Magdeburg USC"]
[BlackTeam "Werder Bremen"]
[WhiteTeamCountry "GER"]
[BlackTeamCountry "GER"]

1. Nf3 Nf6 2. c4 g6 3. Nc3 Bg7 4. e4 0-0 5. d4 d6 6. Be2 e5 7. 0-0 Nc6 8. d5 Ne7 9. b4 Nh5 10. Re1 Nf4 11. Bf1 a5 12. bxa5 Rxa5 13. a4 c5 14. Ra3 Ra6 15. Nd2 g5 16. Nb5 g4 17. g3 Nh3+ 18. Bxh3 gxh3 19. Qh5 f5 20. Nf3 fxe4 21. Ng5 Bf5 22. Nxe4 Qd7 23. Bh6 Bg6 24. Qg5 Nf5 25. Bxg7 Kxg7 26. Qg4 Qe7 27. Qxh3 Nd4 28. Nxd4 cxd4 29. Qg4 Kh8 30. Nd2 Raa8 31. Qxd4 exd4 32. Rxe7 Rfe8 33. Rxe8+ Rxe8 34. Nf3 d3 35. Ra2 Re4 36. c5 dxc5 37. d6 Re6 38. d7 Rd6 39. Nd2 Rxd7 40. Ra1 Re7 41. Rc1 Re2 42. Nf1 Rc2 43. Rb1 Be4 44. Re1 Bf3 45. Re3 Be2 46. Re8+ Kg7 47. Ne3 Bf3 48. Nf5+ Kf6 49. Rf8+ Ke5 0-1

[Event "Bundesliga 9798"]
[Site "Germany"]
[Date "1998.03.28"]
[Round "12.6"]
[White "Heissler, Jakob"]
[Black "Hansen, Curt"]
[Result "0-1"]
[WhiteElo "2435"]
[BlackElo "2600"]
[PlyCount "84"]
[EventDate "1997.10.18"]
[EventType "team-tourn"]
[EventRounds "15"]
[EventCountry "GER"]
[SourceTitle "GER-chT"]
[Source "ChessBase"]
[SourceDate "1999.07.01"]
[SourceVersion "1"]
[SourceVersionDate "1999.07.01"]
[SourceQuality "1"]
[WhiteTeam "Werder Bremen"]
[BlackTeam "Koeln Porz"]
[WhiteTeamCountry "GER"]
[BlackTeamCountry "GER"]

1. e4 c5 2. Nf3 Nc6 3. d4 cxd4 4. Nxd4 e6 5. Nc3 d6 6. Be2 Nf6 7. 0-0 Be7 8. Kh1 0-0 9. f4 Bd7 10. Nb3 a6 11. Bf3 b5 12. a3 Qc7 13. Qe2 Rab8 14. Be3 Rfe8 15. Rad1 Bc8 16. Bf2 Nd7 17. Bg3 Bb7 18. e5 Rbd8 19. exd6 Bxd6 20. Ne4 Be7 21. f5 e5 22. c3 Na7 23. Nbd2 Nc8 24. c4 Bc6 25. Rc1 b4 26. axb4 Bxb4 27. Bh4 f6 28. Bh5 Rf8 29. Nc3 Qb7 30. Nde4 Ne7 31. h3 Bxc3 32. Nxc3 Nc5 33. Nd5 Nxd5 34. cxd5 Bb5 35. Qd1 Rxd5 36. Qc2 Bd3 37. Qc3 Bxf1 38. Rxf1 Rd3 39. Qxc5 Rxh3+ 40. Kg1 Rxh4 41. Bf3 Qb4 42. Bd5+ Kh8 0-1

[Event "Bundesliga 9798"]
[Site "Germany"]
[Date "1998.02.28"]
[Round "10.6"]
[White "Heissler, Jakob"]
[Black "Berndt, Stephan"]
[Result "1/2-1/2"]
[WhiteElo "2435"]
[BlackElo "2360"]
[PlyCount "52"]
[EventDate "1997.10.18"]
[EventType "team-tourn"]
[EventRounds "15"]
[EventCountry "GER"]
[SourceTitle "GER-chT"]
[Source "ChessBase"]
[SourceDate "1999.07.01"]
[SourceVersion "1"]
[SourceVersionDate "1999.07.01"]
[SourceQuality "1"]
[WhiteTeam "Werder Bremen"]
[BlackTeam "Neukoelln"]
[WhiteTeamCountry "GER"]
[BlackTeamCountry "GER"]

1. e4 c5 2. Nf3 d6 3. d4 cxd4 4. Nxd4 Nf6 5. Nc3 g6 6. Be2 Bg7 7. 0-0 0-0 8. Re1 Nc6 9. Nb3 Be6 10. Bf1 a5 11. a4 Bxb3 12. cxb3 Nb4 13. Nd5 Na6 14. Bg5 e6 15. Nxf6+ Bxf6 16. Bxf6 Qxf6 17. Qxd6 Qxb2 18. Rab1 Qc3 19. Rec1 Qb4 20. Qxb4 Nxb4 21. Rc7 Rab8 22. Rd1 Rfc8 23. Rdd7 Rxc7 24. Rxc7 Nc6 25. f3 Nd4 26. Bc4 b5 1/2-1/2